Istilah sosiologi pengajian tinggi : Bahasa Inggeris - Bahasa Malaysia, Bahasa Malaysia - Bahasa Inggeris

Bibliographic Details
Corporate Author: Dewan Bahasa dan Pustaka
Format: Book
Published: Kuala Lumpur : Dewan Bahasa dan Pustaka , 1985
Subjects:

MARC

LEADER 00000cam a2200000 7i4500
001 0000002721
005 20040828.0
040 |a INS 
090 0 0 |a LB15   |b 183 1985 
245 1 0 |a Istilah sosiologi pengajian tinggi :   |b Bahasa Inggeris - Bahasa Malaysia, Bahasa Malaysia - Bahasa Inggeris   |c Dewan Bahasa dan Pustaka 
260 |a Kuala Lumpur :   |b Dewan Bahasa dan Pustaka ,   |c 1985 
300 |a xiii, 200ms. ;   |c 22 cm. 
650 0 0 |a Sociology   |x Terminology 
710 1 |a Dewan Bahasa dan Pustaka 
999 |a 0000003517   |b BOOK   |c Reference   |e Default branch